Module integral method for the calculation of frequency-dependent leakage inductance of high-frequency transformers / (Record no. 19474)
[ view plain ]
| 000 -LEADER | |
|---|---|
| fixed length control field | 00960nam a22002297a 4500 |
| 003 - CONTROL NUMBER IDENTIFIER | |
| control field | OSt |
| 005 - DATE AND TIME OF LATEST TRANSACTION | |
| control field | 20250917095143.0 |
| 008 - FIXED-LENGTH DATA ELEMENTS--GENERAL INFORMATION | |
| fixed length control field | 240301b ||||| |||| 00| 0 eng d |
| 040 ## - CATALOGING SOURCE | |
| Transcribing agency | 0 |
| 082 ## - DEWEY DECIMAL CLASSIFICATION NUMBER | |
| Classification number | DPer 621.317 Ie21 June 2022 v. 37 n. 6 |
| 100 ## - MAIN ENTRY--PERSONAL NAME | |
| Personal name | Dang, Yongliang. |
| Relator term | author. |
| 9 (RLIN) | 53755 |
| 245 ## - TITLE STATEMENT | |
| Title | Module integral method for the calculation of frequency-dependent leakage inductance of high-frequency transformers / |
| Statement of responsibility, etc. | Yongliang Dang, Lingyu Zhu, Jiangyu Liu, Cao Zhan, Li Long, and Shengchang Ji. |
| 260 ## - PUBLICATION, DISTRIBUTION, ETC. (IMPRINT) | |
| Place of publication, distribution, etc. | New York ; |
| Name of publisher, distributor, etc. | The Institute of Electrical and Electronics Engineers, Inc. , |
| Date of publication, distribution, etc. | June 2022. |
| 300 ## - PHYSICAL DESCRIPTION | |
| Extent | Volume 37, pages 7028-7038 : |
| Other physical details | illustration ; |
| Dimensions | 29 cm. |
| 700 ## - ADDED ENTRY--PERSONAL NAME | |
| Personal name | Dang, Yongliang. |
| Relator term | author. |
| 9 (RLIN) | 53755 |
| 700 ## - ADDED ENTRY--PERSONAL NAME | |
| Personal name | Zhu, Lingyu. |
| Relator term | author. |
| 9 (RLIN) | 53756 |
| 700 ## - ADDED ENTRY--PERSONAL NAME | |
| Personal name | Liu, Jiangyu. |
| Relator term | author. |
| 9 (RLIN) | 53757 |
| 700 ## - ADDED ENTRY--PERSONAL NAME | |
| Personal name | Zhan, Cao. |
| Relator term | author. |
| 9 (RLIN) | 53758 |
| 700 ## - ADDED ENTRY--PERSONAL NAME | |
| Personal name | Long, Li. |
| Relator term | author. |
| 9 (RLIN) | 53759 |
| 700 ## - ADDED ENTRY--PERSONAL NAME | |
| Personal name | Ji, Shengchang. |
| Relator term | author. |
| 9 (RLIN) | 53760 |
| 942 ## - ADDED ENTRY ELEMENTS (KOHA) | |
| Source of classification or shelving scheme | Dewey Decimal Classification |
| Koha item type | Periodicals |
| Withdrawn status | Lost status | Source of classification or shelving scheme | Damaged status | Not for loan | Collection code | Home library | Current library | Date acquired | Total Checkouts | Full call number | Date last seen | Price effective from | Koha item type | Public note |
|---|---|---|---|---|---|---|---|---|---|---|---|---|---|---|
| Dewey Decimal Classification | Periodicals | UM Digos College - LIC | UM Digos College - LIC | 03/01/2024 | DPer 621.317 Ie21 June 2022 v.37 n. 6 | 03/01/2024 | 03/01/2024 | Periodicals | Periodical Article |
